[Event "IIFL Wealth  4th Mumbai Junior U-13"]
[Site "Mumbai"]
[Date "2019.01.07"]
[Round "9"]
[White "Gukesh D"]
[Black "Bharadia Yash"]
[Result "1-0"]
[WhiteElo "2466"]
[BlackElo "1559"]
[Annotator "TA"]
[PlyCount "123"]
[EventDate "2018.12.30"]
[EventType "swiss"]
[EventCountry "IND"]
[SourceTitle "playchess.com"]
[Source "ChessBase"]
[SourceQuality "1"]

{[%evp 9,123,9,20,20,18,0,0,-8,29,30,66,55,68,68,85,92,82,92,90,81,77,82,73,63,94,76,79,76,79,69,68,67,68,57,54,55,59,59,55,54,45,53,47,45,58,54,52,26,67,30,58,51,57,42,77,75,75,83,79,51,91,51,106,97,97,97,97,97,108,84,119,111,126,102,97,0,101,93,118,116,182,181,156,10,17,25,18,25,34,42,31,0,0,0,0,0,0,0,566,548,788,770,29982,29975,29975,29975,29975,29976,29991,29992,29992,29993,29994,29995,29996,29997]} 1. Nf3 d5 2. g3 Bg4 3. Bg2 Nf6 4. O-O e6 5. d3 Bd6 {LiveBook: 3 Games} (5... Be7 6. Nbd2 c5 7. h3 Bh5 8. g4 Bg6 9. Ne5 Nbd7 10. Nxg6 hxg6 11. e4 dxe4 12. dxe4 Ne5 13. Qe2 g5 {½-½ (32) Ivanchuk,V (2710)-Lupulescu,C (2606) Batumi 2018}) 6. h3 {A07: Réti Opening: New York and Capablanca Systems} Bh5 7. Qe1 c6 8. e4 {The position is equal.} dxe4 9. dxe4 {And now e5 would win.} e5 $146 ({Predecessor:} 9... Bc7 10. Nc3 O-O 11. Be3 Nbd7 12. Nh4 h6 13. f4 {½-½ (47) Fritz,R (1731)-Tschida,V Feldkirch 2013}) 10. Nbd2 Nbd7 11. Nc4 Qe7 12. Nh4 {Threatens to win with Nf5.} Bg6 13. Nxd6+ Qxd6 14. Nxg6 hxg6 15. Be3 O-O 16. Qe2 Qe6 17. b3 Rfd8 18. Rfd1 Qe7 19. Qc4 Nf8 20. a4 {[%cal Ba2a4,Ba4a5][%mdl 32]} Ne6 21. a5 c5 22. c3 Rxd1+ 23. Rxd1 b6 24. Qa6 Rb8 25. axb6 axb6 26. Qb5 Qb7 27. b4 Qc7 28. Ra1 Kh7 29. Rb1 {Strongly threatening bxc5.} Rd8 30. bxc5 bxc5 31. Qc4 Qd6 32. Bf1 Rb8 33. Rxb8 Qxb8 34. Bd3 Qd6 35. Bc2 Nd7 ({Black should play} 35... Qb6 $14) 36. Qd5 Qc7 37. Bb3 Nf6 38. Qd3 Qc6 39. Bd5 Qd7 40. Qc4 Nxd5 41. exd5 Nc7 42. Qh4+ (42. Qxc5 Nxd5 43. c4 Nxe3 $11) 42... Kg8 43. c4 (43. Bxc5 $6 Qxd5 44. Qe7 Ne6 $11) 43... Qd6 44. Qe4 Na6 (44... f5 $16 45. Qb1 f4) 45. Qb1 $18 Nb4 {[#]} 46. Qa1 (46. g4 $1 $16) 46... Nd3 $11 47. Qa8+ Kh7 48. Qc6 Qb8 $1 {[%cal Rb8b1] White must now prevent ...Qb1+.} 49. d6 (49. Bxc5 Qb1+ 50. Kh2 Ne1 51. d6 e4 52. g4 g5 53. Kg3 Nf3 54. Qxe4+ Qxe4 55. Be3 Ne1 56. Bxg5 Qf3+ 57. Kh4 Ng2+ 58. Kh5 g6#) 49... e4 50. Kh2 (50. Bxc5 Qb1+ 51. Kh2 Ne1 52. g4 Nf3+ 53. Kg3 g5 54. Qxe4+ Qxe4 55. Be3 Ne1 56. Bxg5 Qf3+ 57. Kh4 Ng2+ 58. Kh5 g6#) 50... f5 51. Qd5 {Hoping for d7.} Qb1 {aiming for ...Ne1.} 52. g4 Ne1 {( -> ...Nf3+)} 53. Kg3 $36 {[%mdl 2048] Black is under pressure.} ({Don't play} 53. gxf5 Nf3+ 54. Kg3 g5 $17) (53. Bxc5 f4 54. f3 Qc2+ 55. Qd2 Qxd2+ 56. Bf2 Qxf2+ 57. Kh1 Qg2#) 53... Nf3 $2 {[%mdl 8192] [#]} (53... Nd3 $11 {and Black has nothing to worry.} 54. Kh2 (54. gxf5 Qg1+ 55. Kh4 g5+ 56. Kh5 Qg2 $11) 54... f4 55. Qxe4 (55. Bxc5 {is a self mate.} Ne1 56. Qh5+ gxh5 57. h4 Nf3+ {[%mdl 64] Double Attack} 58. Kg2 hxg4 59. h5 Qg1#) 55... fxe3 56. Qxe3 Qc2 {[%mdl 64] Double Attack}) 54. Kf4 $1 $18 Kh8 55. Qxc5 g5+ 56. Kxf5 {White mates.} Qa1 57. d7 Qf6+ 58. Kxe4 Ne1 59. Qc8+ Kh7 60. d8=Q Qf3+ 61. Ke5 Nd3+ 62. Qxd3+ {Accuracy: White = 65%, Black = 49%.} 1-0

[Event "IIFL Wealth  4th Mumbai Junior U-13"]
[Site "Mumbai"]
[Date "2019.01.07"]
[Round "9"]
[White "Srihari L R"]
[Black "Jain Kashish Manoj"]
[Result "1-0"]
[WhiteElo "2253"]
[BlackElo "1853"]
[Annotator "TA"]
[PlyCount "66"]
[EventDate "2018.12.30"]
[EventType "swiss"]
[EventCountry "IND"]
[SourceTitle "playchess.com"]
[Source "ChessBase"]
[SourceQuality "1"]

{[%evp 21,66,8,15,7,10,-6,-2,0,0,-30,-8,-35,0,0,0,0,0,0,49,41,137,148,183,183,195,187,193,188,194,196,269,268,405,379,619,606,597,601,614,611,881,864,1566,1425,5532,5518,29993]} 1. d4 d6 2. c4 Nf6 3. Nc3 g6 4. e4 Bg7 5. h3 O-O 6. Bg5 c6 7. Qd2 {E71: King's Indian: 4 e4 d6 5 h3} (7. Nf3 d5 8. cxd5 cxd5 9. Bxf6 exf6 10. exd5 b6 11. Be2 Na6 12. O-O Nc7 13. Qb3 Bb7 14. Bc4 Rb8 15. a4 {½-½ (48) Caruana,F (2807)-Nakamura,H (2792) Saint Louis 2017}) 7... e5 8. d5 cxd5 9. cxd5 Nbd7 10. Bd3 Nc5 11. Bc2 a5 {LiveBook: 4 Games} 12. Nge2 Bd7 13. O-O b5 14. Ng3 Qb6 $146 ({Predecessor:} 14... b4) 15. Nce2 Rfc8 16. Kh1 Be8 17. Bh6 Qd8 18. Bxg7 Kxg7 19. f4 exf4 20. Qxf4 Nfd7 (20... Qe7 $14) 21. Nd4 $16 {[%cal Be2d4,Bd4f5,Bf5d6,Bd6f7][%mdl 32] Hoping for Ndf5+!} Qf6 22. Ndf5+ $1 ({Don't take} 22. Nxb5 $6 Qxf4 23. Rxf4 Rcb8 $14) 22... Kh8 23. Nxd6 {[%mdl 64] [#] Double Attack} Qxf4 24. Rxf4 Rcb8 25. Nxf7+ Kg7 (25... Bxf7 $142 26. Rxf7 Ne5) 26. Raf1 $18 Ra6 (26... Kg8 {is a better defense.} 27. Ng5 Ne5) 27. e5 {[%cal Be4e5,Be5e6][%mdl 32]} Nf6 $2 {[#]} (27... Nb6 28. d6 Nc4) 28. Rxf6 {White is clearly winning.} Rxf6 29. Rxf6 Bxf7 30. Rc6 Na4 31. Rc7 Kg8 32. e6 Be8 33. Ne4 Nc3 {Accuracy: White = 79%, Black = 29%.} 1-0

[Event "IIFL Wealth  4th Mumbai Junior U-13"]
[Site "Mumbai"]
[Date "2019.01.07"]
[Round "9"]
[White "Aaryan Varshney"]
[Black "Pranesh M"]
[Result "1-0"]
[WhiteElo "2200"]
[BlackElo "2125"]
[Annotator "TA"]
[PlyCount "129"]
[EventDate "2018.12.30"]
[EventType "swiss"]
[EventCountry "IND"]
[SourceTitle "playchess.com"]
[Source "ChessBase"]
[SourceQuality "1"]

{[%evp 22,128,37,37,66,12,37,41,183,183,183,181,177,167,183,179,245,225,297,183,241,218,235,243,236,230,445,443,564,569,747,793,916,937,987,980,972,975,957,950,1041,1039,939,826,793,720,680,719,684,710,705,701,668,543,540,541,540,541,537,529,496,502,522,498,669,686,1237,1199,5620,5331,5620,5435,5381,5306,6133,5739,29980,29980,29981,29981,29984,29984,29984,29983,29983,29984,29984,29985,29986,29987,29987,29988,29988,29988,29990,29991,29991,29991,29992,29993,29994,29995,29996,29997,29997,29998,29998,29998,29999]} 1. d4 Nf6 2. Nf3 d5 3. c4 e6 4. Nc3 c6 5. e3 Be7 6. Bd3 O-O 7. O-O Nbd7 8. b3 b6 9. Bb2 Bb7 10. Qe2 Qc7 11. Rac1 {D46: Semi-Slav: 5 e3 Nbd7 6 Bd3, Black avoids the Meran} Rac8 (11... Rad8 12. Rfd1 Rfe8 13. a3 Qb8 14. e4 c5 15. e5 dxc4 16. Bxc4 Ng4 17. d5 Ndxe5 18. Nxe5 Nxe5 19. dxe6 Nxc4 20. exf7+ Kxf7 21. Qxc4+ {0-1 (49) Buhmann,R (2564)-Graf,A (2576) Germany 2017}) 12. Rfd1 {LiveBook: 9 Games} Rfd8 13. h3 $146 (13. cxd5 $14 exd5 14. Bf5) ({Predecessor:} 13. Ne5 Nxe5 14. dxe5 dxc4 15. bxc4 Nd7 16. f4 Nc5 17. Bc2 Rxd1+ 18. Rxd1 Rd8 {½-½ (35) Ianov,V (2285)-Bystrov,A (2180) Minsk 2018}) 13... h6 14. cxd5 cxd5 {[#]} (14... exd5 $14 15. h4 Re8) 15. Nxd5 $1 $18 {[%mdl 576] Double Attack} Qd6 (15... Bxd5 16. Rxc7) 16. Nxe7+ Qxe7 17. e4 Nf8 18. Ne5 N6d7 (18... Rxc1 $142 19. Rxc1 Ng6) 19. Nc4 Ng6 20. g3 Nb8 (20... Nf6 {was necessary.} 21. Ba3 Qd7) 21. Qe3 Nc6 22. Ba3 Qc7 {[#]} 23. d5 $1 {[%mdl 512]} exd5 $2 (23... Nce5 {keeps fighting.} 24. Nxe5 Qxe5) 24. exd5 Re8 25. Be4 {Nd6 is the strong threat.} ({Worse is} 25. dxc6 Qxc6 26. Be4 Rxe4 $11) 25... Nce5 26. Nd6 {[%mdl 64] Double Attack} Qd7 27. Bf5 Rxc1 28. Rxc1 Qd8 29. Nxb7 Qxd5 30. Be4 Qd7 31. Nd6 Rd8 32. Bf5 Qe7 33. Bxg6 Nxg6 34. Qxe7 Nxe7 35. Rc7 {[%mdl 64] Double Attack} Nd5 36. Rxa7 Nc3 37. Nxf7 Rd1+ 38. Kg2 Nb5 39. Nxh6+ gxh6 {[%mdl 4096] Endgame KRB-KRN} 40. Ra8+ Kf7 41. Bb2 Rd2 42. Bc1 Rc2 43. Bxh6 Nc3 44. Rc8 b5 45. b4 Kg6 46. Be3 Kf5 47. Bd4 Ke4 48. Rxc3 Rxa2 {KRB-KR} 49. Bc5 {White mates.} Kd5 50. Re3 Kc4 51. h4 Ra6 52. h5 Rh6 53. g4 {[%cal Bg3g4,Bg4g5,Bg5g6][%mdl 32]} Rh8 54. Kg3 Rg8 55. Kh4 Kd5 56. g5 Rg7 57. h6 Rf7 58. g6 Rf4+ 59. Kg5 Rc4 60. h7 Rc1 61. h8=Q Rg1+ 62. Kf6 Rxg6+ 63. Kxg6 Kc6 64. Qf6+ Kd5 65. Qe6# {Accuracy: White = 76%, Black = 16%.} 1-0

[Event "IIFL Wealth  4th Mumbai Junior U-13"]
[Site "Mumbai"]
[Date "2019.01.07"]
[Round "9"]
[White "Nikhil Magizhnan"]
[Black "Manish Kumar (2006)"]
[Result "0-1"]
[WhiteElo "2148"]
[BlackElo "1848"]
[Annotator "TA"]
[PlyCount "107"]
[EventDate "2018.12.30"]
[EventType "swiss"]
[EventCountry "IND"]
[SourceTitle "playchess.com"]
[Source "ChessBase"]
[SourceQuality "1"]

{[%evp 29,107,0,0,-15,-8,-34,0,0,4,-2,0,0,0,-11,0,0,0,0,4,0,0,0,0,0,0,-37,-31,-32,-30,-31,0,-39,-16,-37,-38,-40,-40,-51,-40,-81,-2,-41,0,-83,-76,-113,-138,-125,-127,-116,-125,-138,-120,-139,-139,-146,-94,-135,-102,-195,-135,-379,-372,-350,-339,-2250,-1733,-29971,-29973,-29972,-29974,-29974,-29975,-29975,-29977,-29977,-29975,-29982,-29977,-29976]} 1. e4 e5 2. Nf3 Nc6 3. d4 exd4 4. Bc4 Nf6 5. O-O Nxe4 6. Re1 d5 7. Bxd5 Qxd5 8. Nc3 Qa5 9. Nxe4 Be6 10. Bd2 Qd5 11. Bg5 Bd6 12. Bf6 O-O 13. Nxd4 Nxd4 14. Qxd4 Qxd4 {C56: Two Knights: 4 d4 exd4 5 0-0 Nxe4} 15. Bxd4 Rfd8 {LiveBook: 7 Games} 16. Rad1 Bf5 {Threatens to win with ...Bxe4.The position is equal.} (16... Bf8 {looks sharper.} 17. b3 a5 18. f3 a4 19. Be5 Re8) 17. g3 $146 ({Predecessor:} 17. f3 Bxe4 18. Rxe4 h6 19. g3 Bc5 20. c3 Rd7 21. Rc1 Bxd4+ 22. Rxd4 Rxd4 23. cxd4 {0-1 (34) Maze,S-Smeets,J Paris 1996}) 17... Bxe4 (17... Be7 {feels hotter.} 18. f3 h5 19. Be3 f6 20. Kf2 b6) 18. Rxe4 f6 19. a3 Kf7 20. Ree1 a6 21. c4 Re8 22. Rxe8 Rxe8 $11 {[%mdl 4096] Endgame KRB-KRB} 23. Kf1 Be5 24. Be3 Bxb2 25. Rb1 Bxa3 {And now ...b6 would win.} 26. Rxb7 a5 27. Bd2 {[#]} Bb4 $1 {[%mdl 512]} 28. Bxb4 axb4 29. Rxb4 $15 {KR-KR} Re6 30. Rb3 Ke7 31. Rd3 Re4 32. Rc3 Kd6 33. h4 Kc5 34. Rd3 Kc6 (34... Kxc4 $6 35. Rd7 $11) (34... Re7 $17 35. Rd1 Kxc4 36. Rc1+ Kb5 37. Rb1+ Kc4 38. Rc1+ Kb5 39. Rb1+ Ka6 40. Ra1+ Kb5 41. Rb1+) 35. Rc3 Kc5 36. Rd3 Re7 ({Of course not} 36... Kxc4 $6 37. Rd7 $11) 37. Rc3 Kd4 38. Rc1 c5 39. Kg2 h5 40. Kf3 {[#]} g5 $1 41. hxg5 fxg5 42. Kg2 g4 (42... Rh7 $142 43. Rc2 Rf7) 43. Rh1 $17 Re5 44. Rc1 (44. f4 $17 {is the only way for White.} gxf3+ 45. Kf2) 44... Kd3 (44... Rf5 $19 45. Kf1 Kd3) 45. Kf1 $2 (45. f4 $17 Re4 46. Rf1) 45... Re4 $19 46. Kg2 Rxc4 47. Rh1 $2 (47. Rd1+ Ke4 48. Re1+ Kd4 49. Rd1+ Kc3 50. Rd5) 47... Rd4 48. Rxh5 c4 {[%cal Bc5c4,Bc4c3,Bc3c2][%mdl 32] Black mates.} 49. f3 gxf3+ 50. Kxf3 c3 51. g4 c2 52. Rh1 Kc3 53. g5 Kb2 54. g6 {Accuracy: White = 34%, Black = 54%.} 0-1

[Event "IIFL Wealth  4th Mumbai Junior U-13"]
[Site "Mumbai"]
[Date "2019.01.07"]
[Round "9"]
[White "Ayush Sharma"]
[Black "Dhanvij Ansh"]
[Result "1-0"]
[WhiteElo "1979"]
[BlackElo "1523"]
[Annotator "NA RC"]
[PlyCount "75"]
[EventDate "2018.12.30"]
[EventType "swiss"]
[EventCountry "IND"]
[SourceTitle "playchess.com"]
[Source "ChessBase"]
[SourceQuality "1"]
[TimeControl "40/5400+30:1800+30"]

1. e4 {[%emt 0:00:00]} c6 {[%emt 0:00:00]} 2. d4 {[%emt 0:00:00]} d5 {[%emt 0:00:07]} 3. exd5 {[%emt 0:00:00]} cxd5 {[%emt 0:00:14]} 4. Bd3 {[%emt 0:00:00]} Nc6 {[%emt 0:00:26]} 5. c3 {[%emt 0:00:03]} Qc7 {[%emt 0:00:26]} 6. Ne2 {[%emt 0:00:09]} Bg4 {[%emt 0:00:25]} 7. f3 {[%emt 0:00:03]} Bd7 {[%emt 0:00:18]} 8. Bf4 {[%emt 0:00:06]} e5 {[%emt 0:00:36] B13: Caro-Kann: Exchange Variation and Panov-Botvinnik Attack} 9. dxe5 {[%emt 0:00:04]} Nxe5 {[%emt 0:00:12]} 10. O-O {[%emt 0:00:32]} Bd6 {[%emt 0:00:34]} (10... Nf6 11. Nd4 Bd6 12. Na3 O-O 13. Kh1 Bxa3 14. bxa3 Nh5 15. Bxe5 Qxe5 16. Re1 {½-½ (35) Gusain,H (2461)-Warakomski,T (2518) Warsaw 2017}) 11. Na3 {[%emt 0:00:29]} Nf6 {[%emt 0:01:06]} 12. Nb5 {[%emt 0:00:41]} Qb6+ $146 {[%emt 0:01:23]} ({Predecessor:} 12... Bxb5 13. Bxb5+ Nc6 14. Bxd6 Qxd6 15. Qd2 O-O {0-1 (30) Lovati,E (1374)-Margstahler,F (1836) Milan 2010}) 13. Ned4 {[%emt 0:00:19]} Bxb5 {[%emt 0:08:57]} 14. Bxb5+ {[%emt 0:01:44]} Kf8 {[%emt 0:02:14]} 15. Be3 {[%emt 0:16:36]} Bc5 {[%emt 0:07:42]} 16. Qe2 {[%emt 0:00:05]} a6 {[%emt 0:01:35]} 17. b4 {[%emt 0:01:53]} Bxd4 {[%emt 0:08:33]} 18. Bxd4 {[%emt 0:00:09]} Qxb5 {[%emt 0:00:19]} 19. Qxe5 {[%emt 0:00:03]} Qc6 {[%emt 0:02:25]} 20. Rfe1 {[%emt 0:14:34]} Re8 {[%emt 0:06:38]} 21. Qf5 {[%emt 0:00:47]} Re6 {[%emt 0:02:18]} 22. Re5 {[%emt 0:02:18]} Rxe5 $2 {[%emt 0:02:43]} (22... h5 23. Rae1 Rxe5 24. Qxe5 Kg8) 23. Qxe5 {[%emt 0:00:15]} ({Weaker is} 23. Bxe5 Qe6 $16) 23... h6 {[%emt 0:16:19]} (23... Qc8 {was worth a try.} 24. Qd6+ Kg8) 24. Qb8+ {[%emt 0:00:50]} ({Not} 24. Re1 Kg8 $18) 24... Qe8 {[%emt 0:02:03]} 25. Qxb7 {[%emt 0:04:09]} Kg8 {[%emt 0:02:08]} 26. Qxa6 {[%emt 0:00:10]} Nd7 {[%emt 0:00:08]} 27. a4 {[%emt 0:01:27]} Kh7 {[%emt 0:00:40]} 28. Qd3+ {[%emt 0:00:03]} Kg8 {[%emt 0:00:13]} 29. a5 {[%emt 0:00:07]} f6 {[%emt 0:00:10]} 30. Qf5 {[%emt 0:01:44]} Qf7 {[%emt 0:00:59]} 31. a6 {[%emt 0:01:49]} g6 {[%emt 0:00:26]} 32. Qf4 {[%emt 0:00:06]} Kg7 {[%emt 0:00:08]} 33. a7 {[%emt 0:00:28]} Ra8 {[%emt 0:00:09]} 34. Qc7 {[%emt 0:00:12]} Qe8 {[%emt 0:00:27]} 35. b5 $18 {[%emt 0:00:51]} Rxa7 {[%emt 0:00:28]} 36. Bxa7 {[%emt 0:00:12]} g5 {[%emt 0:00:11]} 37. b6 {[%emt 0:00:17]} Qe3+ {[%emt 0:00:10]} 38. Kh1 {[%emt 0:00:06]} 1-0

[Event "IIFL Wealth  4th Mumbai Junior U-13"]
[Site "Mumbai"]
[Date "2019.01.07"]
[Round "9"]
[White "Shah Jeet"]
[Black "Manish Anto Cristiano F"]
[Result "1/2-1/2"]
[WhiteElo "1904"]
[BlackElo "2065"]
[Annotator "NA RC"]
[PlyCount "121"]
[EventDate "2018.12.30"]
[EventType "swiss"]
[EventCountry "IND"]
[SourceTitle "playchess.com"]
[Source "ChessBase"]
[SourceQuality "1"]
[TimeControl "40/5400+30:1800+30"]

{[%evp 22,116,12,32767,32767,-12,17,-62,32767,32767,-62,-62,-85,-76,-69,-59,32767,32767,32767,-75,-51,-36,-33,-60,-39,-37,-24,-85,-80,32767,32767,-12,32767,32767,32767,32767,32767,0,0,-30,-19,-43,-31,-22,-18,-21,-8,-19,-21,-27,-8,-25,-30,-26,-10,32767,32767,32767,32767,32767,-183,-176,-187,-174,-199,32767,32767,32767,-40,-47,-31,-68,-23,-24,-37,-39,-8,-8,0,0,-3,-6,8,-4,6,8,8,8,8,8,8,8,20,18,19,14,15]} 1. e4 {[%emt 0:04:31]} c5 {[%emt 0:00:00]} 2. Nf3 {[%emt 0:00:08]} d6 {[%emt 0:00:02]} 3. d4 {[%emt 0:00:08]} cxd4 {[%emt 0:00:30]} 4. Nxd4 {[%emt 0:00:07]} Nf6 {[%emt 0:00:31]} 5. Nc3 {[%emt 0:00:08]} a6 {[%emt 0:00:37]} 6. Bc4 {[%emt 0:02:28]} e6 {[%emt 0:00:22]} 7. Bb3 {[%emt 0:00:05]} Nbd7 {[%emt 0:00:33]} 8. f4 {[%emt 0:00:13]} Nc5 {[%emt 0:00:28]} 9. f5 {[%emt 0:02:55]} Be7 {[%emt 0:04:18]} 10. O-O {[%emt 0:03:46]} O-O {[%emt 0:00:55]} 11. Qf3 {[%emt 0:04:18]} Kh8 {[%emt 0:06:28] LiveBook: 4 Games B86: Sicilian Scheveningen/Najdorf: 6 Bc4, without early ...b5} 12. g4 {[%emt 0:06:20]} Nfd7 {[%emt 0:03:41]} 13. Qg2 $146 {[%emt 0:14:01]} ({Predecessor:} 13. Be3 Ne5 14. Qg3 Bd7 15. Rad1 Bh4 16. Qg2 Bg5 17. Bf2 b5 18. Nf3 Nxf3+ 19. Qxf3 {½-½ (41) Honfi,K-Vogt,L (2495) Trnava 1982}) 13... Ne5 {[%emt 0:04:50]} 14. Nf3 {[%emt 0:07:01]} (14. g5 $11) 14... Nxf3+ {[%emt 0:06:39]} 15. Rxf3 {[%emt 0:00:55]} b5 {[%emt 0:02:25]} 16. fxe6 {[%emt 0:06:25]} fxe6 17. Rxf8+ {[%emt 0:01:24]} Bxf8 {[%emt 0:02:31]} 18. Be3 Nxb3 {[%emt 0:05:16]} 19. axb3 {[%emt 0:00:40]} Bb7 {[%emt 0:00:09]} 20. Rf1 {[%emt 0:03:35]} Qd7 {[%emt 0:03:25]} 21. Qf3 {[%emt 0:10:28]} Kg8 {[%emt 0:03:40]} 22. g5 {[%emt 0:00:35]} Rc8 {[%emt 0:03:19]} 23. h4 {[%emt 0:04:33]} Qe8 {[%emt 0:05:28]} (23... d5 $5 {[%cal Rd5d4]} 24. Qd1 {[#]} d4 $1 {[%mdl 512]} 25. Qxd4 Qxd4 26. Bxd4 b4 $17) 24. Qg4 {[%emt 0:13:34]} (24. Rf2 $11 {remains equal.}) 24... b4 {[%emt 0:04:05]} 25. Ne2 {[%emt 0:01:07]} Qg6 {[%emt 0:00:31]} 26. Nf4 {[%emt 0:06:21]} Qxe4 {[%emt 0:01:00]} 27. Qxe6+ {[%emt 0:00:03]} Qxe6 {[%emt 0:00:27]} 28. Nxe6 {[%emt 0:00:01]} Be7 {[%emt 0:00:01]} 29. Nd4 {[%emt 0:01:20]} Be4 {[%emt 0:00:13]} 30. Rf2 {[%emt 0:02:52]} d5 {[%emt 0:00:56]} 31. Kf1 {[%emt 0:01:03]} Bd6 {[%emt 0:00:39]} 32. Nf5 {[%emt 0:00:49]} Bf8 {[%emt 0:01:23]} 33. Nd4 {[%emt 0:01:13]} g6 {[%emt 0:00:29]} 34. Ke1 {[%emt 0:01:02]} Bg7 {[%emt 0:00:19]} 35. Kd1 {[%emt 0:00:43]} Be5 {[%emt 0:00:25]} 36. Kc1 {[%emt 0:01:51]} a5 {[%emt 0:00:17]} 37. Kd1 {[%emt 0:01:12]} Ra8 {[%emt 0:01:48]} 38. Nc6 {[%emt 0:00:34]} Bxb2 {[%emt 0:00:14]} 39. Bb6 {[%emt 0:00:29]} a4 {[%emt 0:00:22]} 40. Nxb4 {[%emt 0:00:00]} axb3 {[%emt 0:00:00]} 41. cxb3 {[%emt 0:01:00]} Bc3 {[%emt 0:01:42]} 42. Na2 {[%emt 0:04:16]} Be5 {[%emt 0:00:18]} 43. Rd2 {[%emt 0:01:00]} Rb8 {[%emt 0:01:18]} 44. Bd4 {[%emt 0:01:01]} Bf4 {[%emt 0:02:00]} (44... Bg3 $17 45. Nc3 Bxh4 46. Nxe4 dxe4) 45. Rb2 $1 {[%emt 0:01:32]} Bg3 {[%emt 0:00:33]} 46. b4 $1 {[%emt 0:01:52]} Bxh4 {[%emt 0:00:22]} 47. b5 {[%emt 0:02:34]} Bxg5 {[%emt 0:00:37]} 48. b6 $1 {[%emt 0:00:16]} Bf4 {[%emt 0:00:40]} 49. b7 {[%emt 0:01:44]} Re8 {[%emt 0:02:41]} 50. Nb4 {[%emt 0:01:25]} Bf3+ {[%emt 0:01:10]} 51. Kc2 {[%emt 0:00:04]} Re6 {[%emt 0:00:42]} 52. Nd3 {[%emt 0:10:03]} Be4 {[%emt 0:02:43]} 53. b8=Q+ {[%emt 0:00:47]} Bxb8 {[%emt 0:00:12]} 54. Rxb8+ {[%emt 0:00:01]} Kf7 {[%emt 0:00:13]} 55. Rh8 {[%emt 0:04:08]} g5 {[%emt 0:00:20]} 56. Kd2 {[%emt 0:00:35]} Kg6 {[%emt 0:01:11]} 57. Nc5 {[%emt 0:03:05]} Re7 {[%emt 0:00:14]} 58. Rg8+ {[%emt 0:00:57]} Kf5 $11 {[%emt 0:00:24]} 59. Ke3 {[%emt 0:02:04]} h5 {[%emt 0:00:50]} 60. Rf8+ {[%emt 0:01:03]} Kg4 {[%emt 0:00:11]} 61. Bf6 {[%emt 0:00:18]} 1/2-1/2

[Event "IIFL Wealth  4th Mumbai Junior U-13"]
[Site "Mumbai"]
[Date "2019.01.07"]
[Round "9"]
[White "Larmet, Nino"]
[Black "Kriti Mayur Patel"]
[Result "1/2-1/2"]
[WhiteElo "1835"]
[BlackElo "1439"]
[Annotator "NA RC"]
[PlyCount "117"]
[EventDate "2018.12.30"]
[EventType "swiss"]
[EventCountry "IND"]
[SourceTitle "playchess.com"]
[Source "ChessBase"]
[SourceQuality "1"]
[TimeControl "40/5400+30:1800+30"]

1. e4 {[%emt 0:00:09]} e5 {[%emt 0:00:00]} 2. Nf3 {[%emt 0:00:05]} Nc6 {[%emt 0:00:00]} 3. Bb5 {[%emt 0:00:08]} a6 {[%emt 0:00:00]} 4. Ba4 {[%emt 0:00:04]} Nf6 {[%emt 0:00:03]} 5. d3 {[%emt 0:00:13]} b5 {[%emt 0:00:21]} 6. Bb3 {[%emt 0:00:02]} Bc5 {[%emt 0:00:14]} 7. Bg5 {[%emt 0:01:55]} O-O {[%emt 0:08:05]} 8. O-O {[%emt 0:00:47]} d6 {[%emt 0:02:07] C78: Ruy Lopez: Archangelsk and Möller Defences} 9. c3 {[%emt 0:00:21]} h6 {[%emt 0:04:37]} 10. Bh4 {[%emt 0:00:21]} Bg4 {[%emt 0:02:13]} 11. Nbd2 {[%emt 0:02:39]} Rb8 {[%emt 0:06:07]} 12. Re1 {[%emt 0:04:19]} g5 {[%emt 0:12:26]} 13. Bg3 {[%emt 0:00:27]} Nh5 {[%emt 0:02:16]} 14. h3 {[%emt 0:02:06]} Bxf3 {[%emt 0:15:01]} 15. Qxf3 {[%emt 0:00:11]} Nxg3 {[%emt 0:00:25]} 16. Qxg3 {[%emt 0:00:03] [#]} Kh8 $146 {[%emt 0:01:37]} ({Predecessor:} 16... Qf6) 17. Qf3 {[%emt 0:03:06]} Bb6 {[%emt 0:05:03]} 18. Nf1 {[%emt 0:04:05]} Na5 {[%emt 0:05:40]} 19. Bc2 {[%emt 0:01:25]} Nc6 {[%emt 0:00:36]} 20. Ng3 {[%emt 0:00:36]} a5 {[%emt 0:16:31]} (20... Qe7 $16) 21. Rad1 {[%emt 0:15:57]} Rg8 {[%emt 0:04:51]} 22. Nh5 {[%emt 0:11:05]} ({Reject} 22. Qxf7 $6 Rf8 $11) 22... Qe7 {[%emt 0:03:12]} 23. Nf6 {[%emt 0:01:15]} Rg6 {[%emt 0:00:23]} 24. Nd5 {[%emt 0:00:10]} Qd7 {[%emt 0:01:14]} 25. Bb3 {[%emt 0:03:27]} Ba7 {[%emt 0:00:52]} 26. Ne3 {[%emt 0:03:36]} Rf8 {[%emt 0:00:59]} 27. Qf5 {[%emt 0:03:12]} Qxf5 {[%emt 0:01:08]} 28. Nxf5 {[%emt 0:00:03]} (28. exf5 $16 Rf6 29. Nd5 Rxf5 30. Rd2) 28... Rf6 {[%emt 0:00:08]} 29. Bd5 {[%emt 0:00:35]} Ne7 $2 {[%emt 0:01:06]} ({Better is} 29... Nd8 $14) 30. Nxe7 {[%emt 0:00:20]} Bxf2+ {[%emt 0:00:07]} 31. Kf1 {[%emt 0:01:30]} Bxe1+ {[%emt 0:01:09]} 32. Kxe1 {[%emt 0:00:06]} Kh7 {[%emt 0:00:47]} 33. Ke2 {[%emt 0:00:29]} Re8 {[%emt 0:00:47]} 34. Nc6 {[%emt 0:00:08]} a4 {[%emt 0:00:43]} 35. Nb4 {[%emt 0:00:17]} Rb8 {[%emt 0:00:20]} 36. Bc6 {[%emt 0:00:53]} Rg6 {[%emt 0:01:18]} 37. Rf1 {[%emt 0:00:08]} Kg7 {[%emt 0:00:11]} 38. Bd5 {[%emt 0:00:10]} Rf6 {[%emt 0:00:29]} 39. Rxf6 {[%emt 0:01:46]} Kxf6 {[%emt 0:00:02]} 40. Bc6 {[%emt 0:00:00]} Kg6 {[%emt 0:00:00]} 41. d4 {[%emt 0:04:13]} f6 {[%emt 0:01:47]} (41... h5 $142 42. dxe5 dxe5) 42. d5 {[%emt 0:01:12]} Rb6 {[%emt 0:00:28]} 43. g4 {[%emt 0:00:43]} Kf7 {[%emt 0:04:26]} 44. Kd3 {[%emt 0:01:02]} Ke7 {[%emt 0:00:46]} 45. Nc2 {[%emt 0:00:35]} Kf7 {[%emt 0:01:39]} 46. Ne3 {[%emt 0:00:42]} Rb8 {[%emt 0:01:13]} 47. Nf5 {[%emt 0:00:58]} Kg6 {[%emt 0:00:29]} 48. Kc2 {[%emt 0:00:14]} h5 {[%emt 0:01:35]} 49. b3 {[%emt 0:00:53]} hxg4 {[%emt 0:02:21]} 50. hxg4 {[%emt 0:00:04]} axb3+ {[%emt 0:00:35]} 51. Kxb3 {[%emt 0:00:03]} Rb6 {[%emt 0:00:48]} 52. Kb4 {[%emt 0:00:11]} Ra6 {[%emt 0:00:09]} 53. a3 {[%emt 0:00:02]} Ra4+ {[%emt 0:00:18]} 54. Kb3 {[%emt 0:00:19]} Rxe4 {[%emt 0:01:48]} 55. Bxb5 {[%emt 0:00:04]} Rxg4 {[%emt 0:00:21]} 56. Ne3 {[%emt 0:02:18]} (56. Ne7+ {was worth a try.} Kf7 57. Nf5) 56... Rg3 {[%emt 0:01:03]} 57. Be8+ {[%emt 0:00:22]} Kh7 {[%emt 0:00:30]} 58. Nf5 {[%emt 0:01:54]} Rf3 {[%emt 0:04:48]} 59. Bd7 $19 {[%emt 0:00:27]} 1/2-1/2